| 000 | 00511nam a2200133Ia 4500 | ||
|---|---|---|---|
| 008 | 160809s9999 xx 000 0 und d | ||
| 100 | _aGammoudi, Aymen. | ||
| 245 | 3 | _aAn Advanced Tool for Managing Fuzzy Complex Temporal Information Full Text | |
| 245 | _cAymen Gammoudi1,2, Allel Hadjali2 and Boutheina Ben Yaghlane3, 1LARODEC/ISGT, Tunisia, | ||
| 260 | _bComputer Science and Information Technology | ||
| 260 | _cJanuary 2016 | ||
| 650 | _xINFORMATION TECHNOLOGY | ||
| 856 | _uhttp://airccse.org/V6N48.html | ||
| 999 |
_c300029 _d300029 |
||